| 000 | 01169nam a2200277 a 4500 | ||
|---|---|---|---|
| 001 | BRCA_8639 | ||
| 005 | 20190320210343.0 | ||
| 008 | 230916s1802----gw-#######---#000-0#ger-# | ||
| 041 | _ager | ||
| 044 | _agw | ||
| 050 | 4 |
_aBV169 _b.N48 _c1802 |
|
| 245 | 1 | 0 | _aNeues gesangbuch zur öffentlichen erbauung und privatandacht auf befehl eines hochlöblichen raths unter der aufsicht und prüfung der vordersten theologen nürnbergs den reichsstadt nürnbergischen gemeinden in der stadt und auf dem lande gewidmet. |
| 260 |
_aNurnberg _bBerlog der job. andrea endrerischen handlug _c1802 |
||
| 300 |
_a392 p. _c18 cm |
||
| 500 | _aFondo antiguo | ||
| 500 | _aSe encuentra en Caja Fuerte | ||
| 500 | _a12-153 | ||
| 500 | _aGrabado en portada | ||
| 500 | _aIncluye índice | ||
| 500 | _aTexto impreso a dos columnas | ||
| 500 | _aNota de encuadernación: en terciopelo, cartera desprendida de la encuadernación, cantoneras y broches metálicos, edición de cantos dorados | ||
| 506 | 0 | _aFondo reservado: para su consulta es necesario credencial de usuario y carta de motivos | |
| 650 | 1 | 4 |
_aIglesia católica _eLiturgia _915525 |
| 902 | _aLAR | ||
| 942 |
_2lcc _cB |
||
| 999 |
_c8299 _d8299 |
||